Регионална библиотека "Любен Каравелов" - Русе

Песента на вакуумираното пиле (Запис номер 485604)

MARC детайли
000 -Лидер
Контролно поле с фиксирана дължина 01091nam a2200301 a 4500
003 - Код на организацията, давaща контролен номер
Контролно поле BLK
005 - Дата и час на последна редакция
Контролно поле 20230526093602.0
008 - Елементи от данни с фиксирана дължина
fixed length control field 221209b bul|||||r ||||||| ||bul||
010 ## - Наследен системен номер
LC control number KNG00210209000
020 ## - Международен стандартен номер на книга ISBN
Международен стандартен номер на книга ISBN 9786190211266
040 ## - Източник на каталожния запис
Идентификатор на билиотеката - собственик на записа BLK
041 ## - Код за език
Код за езика на текст/звукозапис или на отделно заглавие Български
Код за езика КДБФ Български
080 ## - УДК
Текстов определител УДК Френска литература
УДК код - определител по УДК 821.133.1
УДК определител -31
УДК - код + определител 821.133.1-31
100 ## - Редна дума - Автор
Автор Рико, Люси
Авторска отговорност първи автор
R(LIN) 484829
139 ## - Редно поле
Редна дума Рико, Люси
Авторски знак Рик - Р 61
245 10 - Сведения за заглавието
Заглавие Песента на вакуумираното пиле
Редно поле (дума) Люси Рико; прев. от фр. Румяна М. Станчева.
257 ## - Страна на издаване
Страна на създаване/издаване Франция
260 ## - Област на издателските данни
Място на издаване, разпространение и проч. София
Име на издателя, разпространителя и проч. Колибри
Година на издаване 2022
Печатница София : Инвестпрес
300 ## - Физическа характеристика
Страници 264 с.
Размери/Мащаб 20 см
380 ## - Жанр
Жанр Худож. лит.
490 ## - СЕРИИ (Колекции)
Име на серия Europa
9 (RLIN) 484826
500 ## - Общи забележки
Забележка Ориг. загл.: Le chant du Poulet Sous Vide / Lucie Rico
700 ## - Други автори (авторска отговорност)
Лично име Станчева, Румяна Младенова
Автороска отговорност (Описва отношението между автора и произведението) прев. от фр.
9 (RLIN) 286449
856 4# - Електронен адрес и достъп
Електронен формат pdf - файл
Инструкция (цена за достъп) 0.00
Права за достъп disable
856 4# - Електронен адрес и достъп
Електронен формат pdf - файл
Инструкция (цена за достъп) 0.00
Права за достъп disable
999 ## - СИСТЕМНИ КОНТРОЛНИ НОМЕРА
Koha biblionumber 485604
Koha biblioitemnumber 485604
942 ## - АРТИКУЛИ
Вид на библиотечния материал Книги
Скрит в OPAC Не
Периодичен библиозапис Да
Koha issues (borrowed), all copies 4
944 ## - СЪЗДАВАНЕ И РЕДАКЦИЯ на ЗАПИСА
Създаване/Редакция Създаване
Дата на регистрацията/редакция 2022-12-09
Наличности
Код за отписване Код за изгубен артикул Източник на класификационната схема Код за повреда Коз за рестрикции Код за отдаване Артикулен № Име на библиотеката - собственик Име на библиотеката, в която се намира в момента Статус (Текущо местоположение) Дата на вписване в системата Местоположение - отдел Цена в лева Систематично азбучна сигнатура Баркод Цена в евро Служебен тип на артикула
  Не е изгубен Universal Decimal Classification Не е повреден без рестрикции заемане за дома 917622 Регионална библиотека "Любен Каравелов" Русе Регионална библиотека "Любен Каравелов" Русе Заемна - подръчен фонд 2022-12-09 Заемна - подръчен фонд 11.70 821-31/Р 61 Л 120000879224 5.98 Книги
Vip Innovations Ltd, Rousse, Bulgaria 2025